Statistics for Top 20 African Premier goalscorers of all time

Click here to take the quiz!

General Stats

  • This quiz has been taken 62 times
  • The average score is 5 of 15

Answer Stats

GoalsAnswer% Correct
104Drogba
98%
62Toure
59%
34Mane
50%
97Adebayor
48%
54Kanu
48%
37Cisse
39%
36Kalou
37%
95Yakubu
33%
37McCarthy
20%
43Ameobi
15%
33Bony
15%
36Odemwingie
11%
52Ekoku
9%
31Camara
7%
34Ndlovu
4%

Score Distribution

Percentile by Number Answered

Percent of People with Each Score

Your Score History

You have not taken this quiz